[Event "PORTUGAL"]
[Site "http://www.queenalice.com/game.php?id=349364"]
[Date "2008.2.6"]
[Round "3"]
[White "Jony"]
[Black "fromTheCoast"]
[Result "0-1"]
[WhiteElo "1470"]
[BlackElo "1388"]

1. e3 e6 2. d4 d5 3. Qf3 Bb4+ 4. c3 Ba5 5. Nh3 c6 6. Qf4 f5 7. Be2 h6 8. Bh5+ g6
9. Bxg6+ Ke7 10. Qe5 Nf6 11. Nf4 Ng4 12. Bxf5 Nxe5 13. dxe5 exf5 14. Ng6+ Ke6
15. b4 Bb6 16. Nxh8 Qxh8 17. f4 a5 18. O-O axb4 19. cxb4 d4 20. Re1 Ra4 21. a3
Na6 22. Bd2 h5 23. h4 c5 24. b5 Nb4 25. Rc1 Bd7 26. exd4 cxd4 27. Rc4 Bxb5 28.
Rxb4 d3+ 29. Kh2 Rxb4 30. Bxb4 Qg8 31. a4 Qg4 32. g3 Qe2+ 33. Kh3 Bc6 34. Ra2
Qxa2 35. Nd2 Qxa4 36. Bd6 Qd1 0-1

[Event "Challenge"]
[Site "http://www.queenalice.com/game.php?id=350645"]
[Date "2008.2.8"]
[Round "-"]
[White "FENIX_RJ"]
[Black "fromTheCoast"]
[Result "0-1"]
[WhiteElo "1535"]
[BlackElo "1412"]

1. e4 d6 2. d4 e5 3. d5 c5 4. dxc6 bxc6 5. Bc4 h5 6. Nf3 Bg4 7. Nbd2 d5 8. exd5
cxd5 9. Bb5+ Bd7 10. c4 Bxb5 11. cxb5 e4 12. Ne5 g5 13. Qf3 exf3 14. Ndxf3 Nd7
15. Nc6 Qf6 16. Ncd4 Bb4+ 17. Bd2 Bxd2+ 18. Kxd2 Ne5 19. Rae1 Qf4+ 20. Kc3 Rc8+
21. Nc6 Qc4+ 22. Kd2 Qxb5 23. Ncxe5 Qxb2+ 24. Ke3 Qxa2 25. Nxg5 Qb3+ 26. Nd3 Rd8
27. Kf3+ Ne7 28. Re3 d4 29. Nc1 dxe3 30. Nxb3 Nd5 31. fxe3 O-O 32. h3 Ra8 33.
Nd4 f5 34. e4 fxe4+ 35. Kxe4 Nc3+ 36. Kd3 Rac8 37. g4 h4 38. Re1 Nd5 39. Ke4
Nc3+ 40. Ke5 Rce8+ 41. Nde6 a5 42. Kd6 Rf6 43. Kd7 Ra8 44. Nc7 Ra7 45. Re8+ Rf8
46. Ne6 Rxe8 47. Kxe8 a4 48. Kd7 a3 49. Nc5 a2 50. Nb3 Nd5 0-1

[Event "Rapidinho-2"]
[Site "http://www.queenalice.com/game.php?id=351236"]
[Date "2008.2.9"]
[Round "1"]
[White "csegura"]
[Black "fromTheCoast"]
[Result "1-0"]
[WhiteElo "1413"]
[BlackElo "1404"]

1. e4 e5 2. Nc3 g5 3. d4 exd4 4. Qxd4 c6 5. Qxh8 Nf6 6. Bxg5 d6 7. Bxf6 Qc7 8.
Qxh7 Be7 9. Qh8+ Kd7 10. Qh6 b5 11. Qh7 Bxf6 12. Qxf7+ Be7 13. O-O-O a5 14. Bxb5
cxb5 15. Nxb5 Qc4 16. Rxd6# 1-0

[Event "Challenge"]
[Site "http://www.queenalice.com/game.php?id=359440"]
[Date "2008.2.23"]
[Round "-"]
[White "Feee"]
[Black "fromTheCoast"]
[Result "1-0"]
[WhiteElo "1696"]
[BlackElo "1408"]

1. d4 d5 2. g3 e6 3. Bg2 c6 4. Nf3 f5 5. Nc3 b5 6. O-O g6 7. e3 h5 8. Ne5 Qf6 9.
h4 a5 10. a4 b4 11. Ne2 Nd7 12. Nxc6 Bb7 13. Ne5 Nxe5 14. dxe5 Qxe5 15. f4 Qg7
16. Nd4 Qe7 17. b3 Nf6 18. Bb2 Ne4 19. Nxf5 Qh7 20. Bxh8 Qxh8 21. Bxe4 gxf5 22.
Bf3 Bc5 23. Re1 Qc3 24. Qd3 O-O-O 25. Bxh5 Qb2 26. Reb1 Qg7 27. Kh2 Kd7 28. Qb5+
Bc6 29. Qxc5 Rh8 30. Qa7+ Kd6 31. Qxg7 1-0

[Event "Challenge"]
[Site "http://www.queenalice.com/game.php?id=364548"]
[Date "2008.3.2"]
[Round "-"]
[White "soccer6"]
[Black "fromTheCoast"]
[Result "1-0"]
[WhiteElo "1514"]
[BlackElo "1420"]

1. e4 e5 2. Qf3 f6 3. g3 h5 4. Bg2 c6 5. Qe2 g6 6. Nf3 f5 7. d3 d5 8. exf5 gxf5
9. Nxe5 Ne7 10. c4 dxc4 11. dxc4 c5 12. O-O Be6 13. Qf3 Nbc6 14. b3 Nxe5 15.
Qxb7 a5 16. Qb5+ N7c6 17. Bf4 Nd3 18. Be3 Bg7 19. Qxc6+ Bd7 20. Qg6+ Kf8 21. Rd1
Ne5 22. Qg5 Nxc4 23. bxc4 Bxa1 24. Re1 1-0

[Event "Rapidinho-2"]
[Site "http://www.queenalice.com/game.php?id=386774"]
[Date "2008.4.13"]
[Round "2"]
[White "fromTheCoast"]
[Black "gupi"]
[Result "1-0"]
[WhiteElo "1460"]
[BlackElo "1269"]

1. e4 e5 2. d3 Qh4 3. g3 Qf6 4. f3 Bc5 5. g4 Qh4+ 6. Kd2 Qf2+ 7. Be2 Qe3+ 8. Kc3
Qd4+ 9. Kd2 Qe3+ 10. Ke1 Qf2+ 11. Kd2 Bb4+ 12. Nc3 d5 13. exd5 Nf6 14. a3 Bc5
15. Nb5 Qe3+ 16. Kc3 Nxd5+ 17. Kc4 Nb6+ 18. Kb3 Be6+ 19. c4 Bxc4+ 20. Kc2 Qf2
21. Nxc7+ Ke7 22. dxc4 Nxc4 23. Nxa8 Rd8 24. Qf1 Ne3+ 25. Bxe3 Qxe3 26. Nc7 Rd2+
27. Kc1 e4 28. fxe4 Bd4 29. Rb1 Qxe4 30. Bd1 Be3 31. Qxf7+ Kxf7 32. Bb3+ Kg6 33.
h4 Qxh1 34. Bc2+ Kf6 35. g5+ Ke5 36. b4 Bd4 37. Kxd2 Qg2+ 38. Ne2 Qf3 39. Nxd4
Kxd4 40. Nb5+ Kc4 41. Nd6+ Kd5 42. Nxb7 Qf2+ 43. Kd1 Kc4 44. Nd6+ Kd4 45. Nf5+
Kc3 46. Rb3+ Kc4 47. Ne3+ Kb5 48. Bd3+ Ka4 49. Bc2 Qf3+ 50. Kc1 Qh1+ 51. Kb2 Nc6
52. Rc3+ Kb5 53. Rc5+ Kb6 54. Nc4+ Kc7 55. b5 Qg1 56. Rxc6+ Kd8 57. Rd6+ Ke7 58.
Bxh7 Qc5 59. Bd3 Qxb5+ 60. Kc3 Qa4 61. Rd4 a6 62. Bc2 Qc6 63. g6 Qc5 64. Re4+
Kd7 65. Re5 Qc7 66. Bf5+ Kc6 67. Be4+ Kd7 68. Bf5+ Kc6 69. Be4+ Kd7 70. h5 a5
71. Rxa5 Qg3+ 72. Bd3 Qe1+ 73. Kd4 Qh4+ 74. Kc3 Qe1+ 75. Kd4 Kc6 76. Rc5+ Kb7
77. Be4+ Ka6 78. Rc6+ Kb5 79. Rb6+ Ka4 80. Bc2# 1-0

[Event "PORTUGAL"]
[Site "http://www.queenalice.com/game.php?id=393139"]
[Date "2008.4.25"]
[Round "4"]
[White "fromTheCoast"]
[Black "holandes"]
[Result "0-1"]
[WhiteElo "1431"]
[BlackElo "1924"]

1. e4 e5 2. d3 h6 3. f3 Nf6 4. c4 Nh5 5. g4 Qh4+ 6. Kd2 Ng3 7. Qe1 Bb4+ 8. Nc3
Qg5+ 9. f4 Qxf4+ 10. Kd1 Qxg4+ 11. Be2 Nxe2 12. Ngxe2 Nc6 13. a3 Ba5 14. b4 Nxb4
15. axb4 Bxb4 16. Ba3 c5 17. Nd5 Bxe1 18. Kxe1 Kd8 19. Bxc5 Qf3 20. Be7+ Ke8 21.
Rf1 Qxd3 22. Nc7+ Kxe7 23. Nxa8 Qxe4 24. c5 b6 25. Rxa7 Qb4+ 26. Kf2 Qxc5+ 27.
Kg2 b5 28. Rc7 Qd5+ 29. Kg3 Qxa8 30. h4 Rg8 31. Nc3 g5 32. h5 Qa3 33. Rf3 g4 34.
Nd5+ Kd6 35. Rxa3 Kxd5 36. Ra8 Rg5 37. Rcxc8 f5 38. Ra5 Rxh5 39. Rxb5+ Ke6 40.
Kf2 e4 41. Kg3 Rh3+ 42. Kg2 f4 43. Re8+ Kd6 44. Rxe4 f3+ 45. Kf2 Rh2+ 46. Kg3
Rg2+ 47. Kh4 f2 48. Rd4+ Ke6 49. Re4+ Kf6 50. Rb1 Rg1 51. Rf4+ Ke5 0-1

[Event "Challenge"]
[Site "http://www.queenalice.com/game.php?id=395131"]
[Date "2008.4.29"]
[Round "-"]
[White "csegura"]
[Black "fromTheCoast"]
[Result "0-1"]
[WhiteElo "1446"]
[BlackElo "1429"]

1. e4 e6 2. f3 c6 3. d4 f5 4. c3 b5 5. h4 h5 6. g3 g6 7. Bg5 Nf6 8. Qd3 Bd6 9.
e5 Be7 10. exf6 Bxf6 11. Qe3 Bxg5 12. Qxg5 Qxg5 13. hxg5 d5 14. Na3 a6 0-1

[Event "Challenge"]
[Site "http://www.queenalice.com/game.php?id=411446"]
[Date "2008.6.1"]
[Round "-"]
[White "hugo10"]
[Black "fromTheCoast"]
[Result "0-1"]
[WhiteElo "1389"]
[BlackElo "1446"]

1. e4 e5 2. Nf3 d6 3. Bc4 Bg4 4. Nc3 g5 5. b3 f5 6. Qe2 f4 7. h3 Bxf3 8. Qxf3 h5
9. Qd3 Qd7 10. Bb5 c6 11. Ba4 b5 12. Bxb5 cxb5 13. Nxb5 a5 14. Nxd6+ Qxd6 15.
Qb5+ Nd7 16. d3 Qb6 17. Qd5 Qd8 18. g3 fxg3 19. fxg3 Ngf6 20. Qb5 Bb4+ 21. Bd2
Bxd2+ 22. Kxd2 O-O 23. b4 axb4 24. Qc4+ Rf7 25. Qxb4 Rh7 26. c4 g4 27. c5 gxh3
28. Rxh3 Rb8 29. Qc4+ Rf7 30. c6 Nb6 31. Qc5 Ng4 32. c7 Rxc7 33. Qa5 Nf2 34.
Rxh5 Qxd3+ 35. Ke1 Qe3+ 36. Kf1 Rc2 37. Qxe5 Qe2+ 38. Kg1 Nh3+ 39. Rxh3 Qg2# 0-1

[Event "Challenge"]
[Site "http://www.queenalice.com/game.php?id=419417"]
[Date "2008.6.18"]
[Round "-"]
[White "luiz_gustavo"]
[Black "fromTheCoast"]
[Result "1-0"]
[WhiteElo "1726"]
[BlackElo "1493"]

1. e4 e5 2. Nf3 g6 3. Nc3 f6 4. Bc4 g5 5. O-O d6 6. d4 exd4 7. Ne2 c5 8. c3 dxc3
9. Nxc3 a6 10. Re1 b5 11. Bxg8 Rxg8 12. Nd5 Bg4 13. h3 Be6 14. Ne3 h5 15. Nh2 g4
16. hxg4 hxg4 17. Nexg4 Qc8 18. Nxf6+ Kf7 19. Nxg8 Kxg8 20. Bf4 Nd7 21. Bxd6
Bxd6 22. Qxd6 Bc4 23. b3 Bf7 24. Rad1 Nf8 25. Rd3 Ne6 26. Ng4 Qf8 27. Nf6+ Kg7
28. Qxf8+ Kxf8 29. Ree3 c4 30. bxc4 bxc4 31. Rc3 Ng5 32. f4 Ne6 33. Rxc4 Nxf4
34. Rc7 Kg7 35. Rg3+ Kxf6 36. Rf3 Bxa2 37. Rxf4+ Ke5 38. g3 Bb1 39. Re7+ Kd6 40.
Rg7 Ke5 41. Re7+ Kd6 42. Rb7 Ke5 43. Rxb1 Kd4 44. Rd1+ 1-0

[Event "Challenge"]
[Site "http://www.queenalice.com/game.php?id=419418"]
[Date "2008.6.18"]
[Round "-"]
[White "fromTheCoast"]
[Black "luiz_gustavo"]
[Result "1-0"]
[WhiteElo "1470"]
[BlackElo "1634"]

1. d4 d5 2. e3 Nf6 3. f3 Bf5 4. g4 Bd7 5. h3 Nc6 6. c3 e5 7. dxe5 Nxe5 8. b4 a6
9. a3 c5 10. f4 Nc4 11. g5 Ne4 12. bxc5 Bf5 13. Bxc4 dxc4 14. Qd4 Qxd4 15. exd4
g6 16. h4 Bg7 17. Nf3 Rb8 18. a4 O-O 19. Nbd2 Nxd2 20. Nxd2 b5 21. cxb6 Bd3 22.
Ba3 Rfe8+ 23. Kd1 Rxb6 24. Bc5 Rb2 25. Ba3 Rb6 26. a5 Be2+ 27. Kc2 Bf8 28. axb6
Rb8 29. Bxf8 Bd3+ 30. Kd1 Kxf8 31. Rxa6 1-0

[Event "Challenge"]
[Site "http://www.queenalice.com/game.php?id=430240"]
[Date "2008.7.9"]
[Round "-"]
[White "paulorossy"]
[Black "fromTheCoast"]
[Result "0-1"]
[WhiteElo "1040"]
[BlackElo "1486"]

1. Nc3 e5 2. Nf3 f6 3. e3 c6 4. b4 d5 5. Nh4 g5 6. Nf5 Bxf5 7. Qh5+ Bg6 8. Qf3
e4 9. Qd1 h5 10. f3 g4 11. f4 f5 12. h3 g3 13. h4 Bxb4 14. a3 Bxc3 15. dxc3 b5
16. Rh3 Qf6 17. Rxg3 Qxc3+ 18. Bd2 Qf6 19. c3 Nh6 20. Rb1 Ng4 21. Qb3 Qxh4 0-1

[Event "Challenge"]
[Site "http://www.queenalice.com/game.php?id=438603"]
[Date "2008.7.25"]
[Round "-"]
[White "juarid"]
[Black "fromTheCoast"]
[Result "1-0"]
[WhiteElo "1724"]
[BlackElo "1488"]

1. e4 d6 2. d4 e5 3. dxe5 dxe5 4. Nf3 f6 5. Qxd8+ Kxd8 6. Bc4 g5 7. O-O h5 8.
Nc3 h4 9. Be3 Rh5 10. Bxg8 g4 11. Nd2 Bh6 12. Nc4 h3 13. g3 Bg7 14. Bf7 Rh7 15.
Rad1+ Ke7 16. Bg6 Rh8 17. Bc5+ Ke6 18. Nb5 Na6 19. Ba3 Bd7 20. Nbd6 cxd6 21.
Rxd6+ Ke7 22. Rxa6+ Kd8 23. Rd6 Bf8 24. Rd3 Bxa3 25. Nxa3 a6 26. Rfd1 1-0

[Event "Challenge"]
[Site "http://www.queenalice.com/game.php?id=476531"]
[Date "2008.10.12"]
[Round "-"]
[White "fromTheCoast"]
[Black "csegura"]
[Result "0-1"]
[WhiteElo "1488"]
[BlackElo "1370"]

1. d4 f5 2. e3 g6 3. g4 d6 4. f4 Nf6 5. gxf5 gxf5 6. h4 Be6 7. c4 Ne4 8. d5 Ng3
9. Rh2 Bf7 10. Qd4 Rg8 11. b3 Bh5 12. Bd3 Qd7 13. e4 fxe4 14. Bxe4 Qg4 15. Nf3
c5 16. dxc6 bxc6 17. Nbd2 Bg7 18. Qg1 Bc3 19. Rb1 Qxf4 20. Ng5 Nxe4 21. Nxe4
Rxg1# 0-1

[Event "PORTUGAL"]
[Site "http://www.queenalice.com/game.php?id=504047"]
[Date "2008.12.6"]
[Round "5"]
[White "gupi"]
[Black "fromTheCoast"]
[Result "0-1"]
[WhiteElo "1244"]
[BlackElo "1467"]

1. e4 e5 2. Qh5 Qf6 3. Bc4 Be7 4. Nf3 d6 5. Bxf7+ Qxf7 6. Qxf7+ Kxf7 7. Ng5+
Bxg5 8. O-O h5 9. Re1 b5 10. Na3 a6 11. d3 Bf4 12. c4 bxc4 13. Nxc4 Bxc1 14.
Raxc1 Ne7 15. Re3 g5 16. Rf3+ Kg6 17. Rd1 Bg4 18. Nd2 Bxf3 19. Nxf3 g4 20. Nh4+
Kg5 21. g3 Ng6 22. Nf5 Nc6 23. h4+ gxh3 24. f4+ exf4 25. gxf4+ Nxf4 26. Ng3 Nb4
27. d4 Nxa2 28. e5 dxe5 29. dxe5 c5 30. Ne4+ Kf5 31. Rd5 Nxd5 0-1

[Event "Challenge"]
[Site "http://www.queenalice.com/game.php?id=567164"]
[Date "2009.4.5"]
[Round "-"]
[White "Jony"]
[Black "fromTheCoast"]
[Result "1-0"]
[WhiteElo "1496"]
[BlackElo "1465"]

1. e4 e5 2. Qh5 d6 3. Bc4 g6 4. Qf3 Be6 5. b3 Bxc4 6. bxc4 c5 7. Na3 b6 8. g4 h5
9. h3 Qh4 10. Nb5 hxg4 11. Qxg4 Qxg4 12. hxg4 Rxh1 13. Kf1 Na6 14. Kg2 Rh4 15.
Kg3 Rh1 16. Nf3 Rxc1 17. Rxc1 Rc8 18. Nxa7 Rb8 19. Ng5 Nb4 20. a3 Na6 21. Nc6
Rb7 22. Rh1 Bh6 23. Nh7 Bf4+ 24. Kf3 Bxd2 25. Rd1 Bh6 26. Rxd6 Rc7 27. Rd8# 1-0

[Event "Challenge"]
[Site "http://www.queenalice.com/game.php?id=572470"]
[Date "2009.4.15"]
[Round "-"]
[White "hugo10"]
[Black "fromTheCoast"]
[Result "1-0"]
[WhiteElo "1452"]
[BlackElo "1450"]

1. e4 e6 2. e5 d5 3. c4 c6 4. Nc3 dxc4 5. Bxc4 f5 6. d3 b5 7. Bb3 a6 8. Nf3 h6
9. a4 g5 10. h3 f4 11. h4 g4 12. Nd4 g3 13. fxg3 Qxd4 14. axb5 Qxe5+ 15. Qe2
Qxe2+ 16. Nxe2 cxb5 17. Bxf4 Bg7 18. Rc1 Nd7 19. Bxe6 Bxb2 20. Rc7 Ngf6 21. g4
Ke7 22. Bxd7 Bxd7 23. Rf1 Nxg4 24. d4 Rac8 25. d5 Rxc7 26. Bxc7 Be5 27. Bxe5
Nxe5 28. Nf4 h5 29. Kf2 Rf8 30. Ke3 Ng4+ 31. Kd2 Be8 32. Kc3 Ne5 33. g3 a5 34.
Ra1 Nc4 35. Ne6 a4 36. Nxf8 Kxf8 37. Kb4 Ne3 38. d6 Nf5 39. g4 hxg4 40. Rf1 1-0

[Event "Challenge"]
[Site "http://www.queenalice.com/game.php?id=589839"]
[Date "2009.5.17"]
[Round "-"]
[White "dreamer"]
[Black "fromTheCoast"]
[Result "1-0"]
[WhiteElo "1600"]
[BlackElo "1434"]

1. Nf3 d6 2. d4 e5 3. dxe5 dxe5 4. Qxd8+ Kxd8 5. Nxe5 Be6 6. a3 f6 7. Nf3 g5 8.
h3 a5 9. e3 c6 10. Be2 c5 11. O-O h5 12. Rd1+ Nd7 13. c4 Ne7 14. a4 g4 15. hxg4
hxg4 16. Nh2 f5 17. g3 Bg7 18. Nc3 b6 19. Bd2 Ne5 20. Be1+ Kc7 21. Bd2 Rad8 22.
b3 N7g6 23. Be1 Rxd1 24. Rxd1 Nc6 25. Nd5+ Kb7 26. Nf4 Nce7 27. Nxe6 1-0

[Event "Challenge"]
[Site "http://www.queenalice.com/game.php?id=589879"]
[Date "2009.5.17"]
[Round "-"]
[White "fromTheCoast"]
[Black "hugo10"]
[Result "0-1"]
[WhiteElo "1425"]
[BlackElo "1483"]

1. d3 e5 2. e4 Bc5 3. h4 d5 4. Bg5 f6 5. Be3 Bxe3 6. fxe3 a6 7. exd5 Qxd5 8. c4
Qc5 9. g4 Qxe3+ 10. Qe2 Qc1+ 11. Kf2 Nh6 12. Bh3 Bxg4 13. Bxg4 f5 14. Qxe5+ Kd8
15. Qxg7 Re8 16. Bf3 Re7 17. Qd4+ Nd7 18. Ne2 Qc2 19. Na3 Qd2 20. b3 c5 21. Qd5
Ng4+ 22. Kg3 Rg7 23. Qxf5 Nge5+ 24. Kh2 Nxf3+ 25. Qxf3 Rc8 26. Nb1 Qb2 27. Nc3
Ne5 28. Qf6+ Re7 29. Qh8+ Re8 30. Qxh7 Nf3+ 31. Kg3 Nd4 32. Qe4 Rxe4 0-1